Operaciones unitarias en ingeniería química
Guardat en:
| Autors principals: | , , |
|---|---|
| Format: | Llibre |
| Idioma: | espanyol |
| Publicat: |
Ciudad de México
McGraw-Hill
2002
|
| Edició: | 6a. ed |
| Matèries: | |
| Etiquetes: |
Afegir etiqueta
Sense etiquetes, Sigues el primer a etiquetar aquest registre!
|
MARC
| LEADER | 00000nam a2200000 a 4500 | ||
|---|---|---|---|
| 001 | UCL4338 | ||
| 003 | CL-VaPUC | ||
| 008 | 040109e20020000MX |||||||||||||||||spa|d | ||
| 020 | |a 9701036484 | ||
| 082 | 0 | 4 | |a 660.284 |b MCC |2 21 |
| 100 | |a McCabe, Warren Lee |e autor |9 481851 | ||
| 700 | 0 | |a Smith, Julian Cleveland |e author |9 481852 | |
| 700 | 0 | |a Harriott, Peter |e author |9 481853 | |
| 245 | 1 | 0 | |a Operaciones unitarias en ingeniería química |
| 250 | |a 6a. ed | ||
| 300 | |a 1199 p | ||
| 942 | |c BK | ||
| 945 | |d 20040109 00:00:00 |a cmena | ||
| 260 | |a Ciudad de México |b McGraw-Hill |c 2002 | ||
| 650 | 7 | |a INGENIERIA QUIMICA |2 CL-VaPUC |9 8 | |
| 650 | 0 | |a Procesos químicos |9 259436 | |
| 650 | 0 | |a Reacciones químicas |9 259438 | |
| 650 | 0 | |a Termodinámica |9 259320 | |
| 583 | |a last modification |c 20040109 00:00:00 |k Rodrigo Vera | ||
| 999 | |c 307212 |d 307210 | ||
| 952 | |0 0 |1 0 |4 0 |6 660_284000000000000_MCC_2002 |7 0 |8 A |9 372964 |a BIBING |b BIBING |d 2019-11-21 |i 3975711 |o 660.284 MCC 2002 |p 3975711 |r 2023-03-02 |w 2019-11-21 |y BK |k EIQ | ||
| 952 | |0 0 |1 0 |4 0 |6 660_284000000000000_MCC_2002 |7 0 |8 A |9 372965 |a BIBING |b BIBING |d 2019-11-21 |i 397572K |l 1 |o 660.284 MCC 2002 |p 397572K |r 2025-01-20 |s 2022-05-24 |w 2019-11-21 |y BK |k EIQ | ||
| 952 | |0 0 |1 0 |4 0 |6 660_284000000000000_MCC_2002 |7 0 |8 A |9 372966 |a BIBING |b BIBING |d 2019-11-21 |i 3975738 |o 660.284 MCC 2002 |p 3975738 |r 2025-01-20 |w 2019-11-21 |y BK |k EIQ | ||
| 952 | |0 0 |1 0 |4 0 |6 660_284000000000000_MCC_2002 |7 0 |8 A |9 372967 |a BIBING |b BIBING |d 2019-11-21 |i 4765966 |l 1 |o 660.284 MCC 2002 |p 4765966 |r 2025-01-20 |s 2023-11-15 |w 2019-11-21 |y BK |k EII | ||